| 000 | 01358nam0a2200349 4500 | ||
|---|---|---|---|
| 001 | RU\NLR\bibl\56229 | ||
| 005 | 20260405090547.0 | ||
| 010 |
_a5-200-02713-6 _93000 |
||
| 035 | _a(NLR Aleph) 000054836 | ||
| 090 |
_a295836 _c295836 |
||
| 100 | _a19991101d1999 |||y0rusy50 ca | ||
| 101 | 0 |
_arus _aeng |
|
| 102 | _aRU | ||
| 105 | _ay ||||||||| | ||
| 200 | 1 |
_aАнгло-русский фразеологический словарь _dEnglish-russian dictionary of idioms _eОк. 5000 фразеологизмов _fА.В. Кунин _zeng |
|
| 210 |
_aМ. _cРус. яз. _d1999 |
||
| 215 |
_a501, [1] с. _d21 |
||
| 300 | _aАвт. также на англ. яз.: A.V. Kunin | ||
| 510 | 0 |
_aEnglish-russian dictionary of idioms _zeng |
|
| 606 | 0 |
_aАнглийский язык _xФразеологические словари _xРусский язык _9972510 _3RU\NLR\auth\6646133 |
|
| 686 | _aШ143.21-433.1 | ||
| 686 | _aШ141.12-433.2 | ||
| 700 | 1 |
_4070 _8rus _7ca _aКунин _bА. В. _cд-р филол. наук _f1909-1996 _gАлександр Владимирович _3RU\NLR\auth\7732207 _915216 |
|
| 801 | 0 |
_aRU _bNLR _c19991101 _gPSBO |
|
| 801 | 1 |
_aRU _bNLR _c19991101 |
|
| 830 | _aАвт. по кн. | ||
| 852 |
_aNLR _jС К-2/7770 |
||
| 942 | _cBOOK | ||
| 980 | _aNB | ||